| 000 | 00408cam a2200169ua 4500 | ||
|---|---|---|---|
| 020 | _c17.50 | ||
| 041 |
_aeng _h |
||
| 082 |
_a590 _bVIS/TE |
||
| 100 | _aVishwanath, . | ||
| 245 |
_aText book of zoology, Vol 1 / _cVishwanath. _hTextual Documents |
||
| 260 |
_aNew Delhi : _bS.Chand and Co , _c1961. |
||
| 300 | _a426 ; . | ||
| 365 | _a17.50 | ||
| 504 | _a | ||
| 942 | _cBK | ||
| 999 |
_c7650 _d7650 |
||